000 00288nam a2200121Ia 4500
008 190216s9999||||xx |||||||||||||| ||und||
100 _aEdapally Karunakara Menon
245 0 _aIdiyett
260 _bNational Book Stall
_c1978
300 _a564p
650 _aMalayalam Novel
942 _cBK
999 _c25359
_d25359